El estado militar en América Latina / (Record no. 21418)

MARC details
000 -CABECERA
campo de control de longitud fija 00581nam a2200193 a 4500
005 - FECHA Y HORA DE LA ÚLTIMA TRANSACCIÓN
campo de control 20220812063808.0
008 - ELEMENTOS DE LONGITUD FIJA--INFORMACIÓN GENERAL
campo de control de longitud fija 991125s1984 mx 000 0 spa u
020 ## - NÚMERO INTERNACIONAL NORMALIZADO PARA LIBROS
Número Internacional Estándar del Libro 968231304X
035 ## - NÚMERO DE CONTROL DEL SISTEMA
Número de control de sistema UPN01000021418
049 ## - COLECCIÓN
Colección CG
050 #4 - SIGNATURA TOPOGRÁFICA DE LA BIBLIOTECA DEL CONGRESO
Número de clasificación JL960
Número de documento/Ítem R6.48
100 1# - ASIENTO PRINCIPAL--NOMBRE PERSONAL
Nombre de persona Rouquié, Alain
9 (RLIN) 34201
245 13 - MENCIÓN DE TÍTULO
Título El estado militar en América Latina /
Mención de responsabilidad, etc. Alain Rouquié ; tr. Daniel Zadunaisky.
260 ## - PUBLICACIÓN, DISTRIBUCIÓN, ETC.
Lugar de publicación, distribución, etc. México :
Nombre del editor, distribuidor, etc. Siglo XXI,
Fecha de publicación, distribución, etc. 1984.
300 ## - DESCRIPCIÓN FÍSICA
Extensión 433 p.
651 #4 - ASIENTO SECUNDARIO DE MATERIA - NOMBRE GEOGRAFICO
Nombre geográfico América Latina
Subdivisión general Política y gobierno
9 (RLIN) 1083
650 #4 - ASIENTO SECUNDARIO DE MATERIA - TERMINO TEMATICO
Término de materia o nombre geográfico como elemento de entrada MILITARISMO -
Subdivisión geográfica AMERICA LATINA
9 (RLIN) 14627
905 ## - TIPO DE MATERIAL
Tipo de material Libro
Holdings
Estado de retiro Estado de pérdida Fuente del sistema de clasificación o colocación Estado dañado No para préstamo Código de colección Localización permanente Ubicación/localización actual Ubicación en estantería Total de préstamos Clasificación Código de barras Fecha visto por última vez Número de copia Tipo de ítem Koha
    Library of Congress Classification     Colección General Bib. Gregorio Torres Quintero Bib. Gregorio Torres Quintero Planta baja 3 JL960 R6.48 133209 31/12/2020 1 Libro